| 000 | 00652nam a2200181Ia 4500 | ||
|---|---|---|---|
| 008 | 090124s9999 xx 000 0 und d | ||
| 082 |
_b28199 _a2793 |
||
| 100 | _aपरदेशी दिलीप | ||
| 245 | _a म्हणून मी तुला कुठं नेत नाही ! | ||
| 250 | _a1 | ||
| 260 | _c1995 | ||
| 300 | _a83 | ||
| 600 | _aपरदेशी दिलीप | ||
| 630 | _a म्हणून मी तुला कुठं नेत नाही ! | ||
| 700 | _aपरदेशी दिलीप | ||
| 730 | _a म्हणून मी तुला कुठं नेत नाही ! | ||
| 942 | _cBOOK | ||
| 999 |
_c141660 _d141660 |
||